| 000 | 00383nam a22001337a 4500 | ||
|---|---|---|---|
| 020 | _a0000000360043 | ||
| 040 | _cNUST | ||
| 082 |
_a891.4393 _bINA |
||
| 100 |
_aInayat Ullah _913479 |
||
| 245 | _aAur Neel Behta Raha, Vol-2. Fatah Misar Firaonon Ki Pur Israriyat, Neel Key Tohemaat | ||
| 260 |
_aLahore _bMaktab-e-Dastan _c2009 |
||
| 650 | _2Urdu Literature-Novel | ||
| 942 |
_2ddc _cBK |
||
| 999 |
_c585748 _d585748 |
||